000 00363 a2200157 4500
001 63814
082 _a515.353 RAO
090 _c37749
_d37749
100 _aRao, S S
245 _aThe Finite Element Method in Engineering
250 _a2nd
260 _aOxford
_bPergamon
_c1989
300 _axxvi, 643p
500 _aMS Textbooks
505 _aNUST BOOKS
942 _aNUST-CAE
_k515.353 RAO
999 _c298887
_d298887